| 000 | 00670nam a2200217Ia 4500 | ||
|---|---|---|---|
| 003 | OSt | ||
| 005 | 20240530110422.0 | ||
| 008 | 140319s9999 xx 000 0 ara d | ||
| 040 |
_aGCL / _cGCL |
||
| 082 | 0 | 4 |
_221 _a162\ _bا ا |
| 100 | 1 | _aعبدالفتاح الديدى | |
| 245 | 1 | 0 |
_aاوليات المنطق الرمزى / _cعبدالفتاح الديدى |
| 260 |
_a[S.N] : _bالمجلس الاعلى للثقافة ، _c1983 |
||
| 300 | _a214 | ||
| 650 | 0 | 4 | _aالرياضيات |
| 650 | 0 | 4 | _aالمنطق الرمزي |
| 650 | 0 | 4 | _aالمنطق |
| 700 | 1 | _aامبروز، اليس | |
| 700 | 1 | _aلاذيد وفيتش، موريس | |
| 942 |
_2ddc _cBK |
||
| 999 |
_c60683 _d60683 |
||